| 000 | 00409nam a22001457a 4500 | ||
|---|---|---|---|
| 082 | _aP-447 C | ||
| 100 |
_aSGT Qaisar Nadeem _948256 |
||
| 245 | _aLight-weight /prefab steel structures for earthquake areas.... economic perspective | ||
| 260 |
_aRisalpur _bMCE _c2010 |
||
| 300 | _a162 p.: | ||
| 526 |
_a0 _b0 _c0 _dP_447_C |
||
| 650 | _aProject | ||
| 700 |
_aLt Col Mansoor Khalid _948257 |
||
| 942 |
_2ddc _cBK |
||
| 999 |
_c551251 _d551251 |
||